Top 10 Länder nach Maisproduktion - Statistiken

Allgemein
  • Dieses Quiz wurde 53 mal gespielt
  • Das Durchschnittsergebnis liegt bei 4 aus 10
Antwortstatistiken
Platz Anbaumenge in Tonnen Land % Korrekt
1 2.617.864 Vereinigte Staaten
98%
3 1.059.259 Mexiko
88%
8 460.902 Frankreich
66%
10 414.735 Südafrika
50%
5 653.821 Indonesien
42%
9 446.324 Peru
40%
4 775.989 Nigeria
32%
6 612.502 Griechenland
12%
7 511.374 Ungarn
10%
2 1.261.070 Kroatien
8%
Keine übereinstimmenden Quizze gefunden
Verteilung der Resultate
Anzahl Personen mit jedem Resultat
Perzentil nach korrekt beantworteten Fragen
Ihre Resultats-Entwicklung
Sie haben dieses Quiz noch nicht gespielt